000 00666 a2200181 4500
999 _c4967
_d4967
010 _aENG-86595
020 _a9780195690828
_c295.00
035 _aEN-70128
037 _bDBAD / PUB
082 1 4 _a320.9545
100 1 _aBaruah, Sanjib
245 1 _aDurable disorder :
_cby Sanjib Baruah
_bunderstanding the politics of northeast India /
260 _aNew Delhi
_bOxford University Press
_c2007
270 _aYMCA Library Building, Jai Singh Road
_bNew Delhi
_e110 001
300 _axix, 265p
_c21cm (pbk)
500 _aHB of the same book recd. on 2.6.2005 and includes bibliographical references and index
942 _adpl
_cEN
_2ddc
_h320.9545
_mBAR